Producción animal e inseminación artificial : tomo i /

Guardado en:
Autor Principal: Bonadonna, Telesforo
Formato: Libro
Publicado: Buenos Aires : Hemisferio Sur, 1986
Series:Agronomia y veterinaria
Materias:
Etiquetas: Agregar Etiqueta
Sin Etiquetas, Sea el primero en etiquetar este registro!
LEADER 01166nam a22001935a 4500
001 CEM.cems017524
005 20110509080735.0
008 130507s1986##################000#0#####d
003 CEMS
020 |a 9505043473 
082 0 4 |a 636.082 
100 1 |a Bonadonna, Telesforo 
245 1 0 |a Producción animal e inseminación artificial :  |b tomo i /  |c Telesforo Bonadonna ; introducción de Luigino Bellani 
260 |a Buenos Aires :  |b Hemisferio Sur,  |c 1986 
300 |a 272 p. 
490 0 |a Agronomia y veterinaria 
505 0 |a La inseminación aritificial en el mundo -- Preparación y desinfección del instrumental -- Teoría y práctica de la recolección del semen -- El coito "ficticio" o parafisiológico -- Recolección del semen en bovidos -- Inseminación artificial en las hembras bovinas -- Técnicas de dilución del material seminal no congelado -- Técnica de dilución y conservación de material seminal "líquido" fresco -- El congelado del material seminal, la liofilización del semen -- Tecnología para el congelado del material seminal bovino 
653 |a Inseminación artificial 
859 |a CEMS  |b BIB. CEMS - Agricultura  |h 636.082  |i B697  |p A1332.11  |t Ej.1  |v I  |3 I